Longest Rivers in Western Europe - Statistics

General Stats
  • This quiz has been taken 167 times
    154 since last reset
  • The average score is 6 of 12
Answer Stats
mi River % Correct
764 Rhine
92%
482 Seine
85%
505 Rhone
78%
629 Loire
76%
645 Tagus
62%
578 Ebro
57%
557 Douro
44%
374 Garonne
35%
575 Meuse
29%
408 Guadalquivir
26%
508 Guadiana
15%
386 Glomma
14%
No matching quizzes found
Score Distribution
Percent of People with Each Score
Percentile by Number Answered
Your Score History
You have not taken this quiz since the last reset